1601 1233 1417 1007 1579 1626 1877 1982 1503 1871 1694 1602 1352 1490 1242 1845 1904 1280 1570 1271 1887 1149 1000 1360 1861 1467 1008 1814 1443 1513 1775 1528 1436 1998 1095 1156 1166 1746 1436 1671 1336 1851 1206 1705 1968 1335 1576 1419 1671 1018 1686 1749 1479 1018 1600 1211 1827 1280 1726 1684 1203 1435 1881 1790 1271 1318 1983 1809 1561 1376 1516 1097 1650 1376 1363 1069 1077 1344 1359 1510 1943 1588 1895 1386 1223 1617 1350 1081 1091 1375 1518 1020 1950 1555 1500 1941 1893 1367 1925 BCNSPRNW ULIB Ver.6.0+V

เปลี่ยนเป็นภาษาไทย

Change to English
 แสดงรายละเอียดบรรณานุกรม
  กลับหน้าหลัก

Brief Record : Get Marc (ISO 2709) : E-mail record : QR code < ปิดหน้าต่าง
LEADER : 00000nam 2200000uu 4500
001    13399122262
003     ULIB
008    130121s2555||||th 000 0 tha d
020    ^a9786162361685
050  4 ^aPN4129^bก344อ
100 0  ^aก้อง เกียรติวิชญ์
245 10 ^aอยากเป็นสุดยอดคนพูดเก่งไม่ยาก =^bGreat tips for mastering the art of effective speaking./^cก้อง เกียรติวิชญ์, เขียน ; วีรวิชญ์ ธนพงศ์ทวีวุฒิ, ภาพ
246 31 ^aGreat tips for mastering the art of effective speaking
250    ^aพิมพ์ครั้งที่ 1
260    ^aนนทบุรี :^bธิงค์ บียอนด์ บุ๊คส์,^c2555 [2012]
300    ^a183 หน้า :^bภาพประกอบ ;^c21ซม.
490 1  ^aซีรีย์ไม่ยาก
650  4 ^aการพูด^xแง่จิตวิทยา
700 0  ^aวีรวิชญ์ ธนพงศ์ทวีวุฒิ,^eผู้เขียนภาพ
830  0 ^aซีรีย์ไม่ยาก
945    ^p169^l0^i19769
995    ^aทศพร
999    ^aทศพร เกษรทอง
รายการนี้ยังไม่มีแท็ก
คุณยังไม่ได้ล็อกอิน คุณสามารถมีกิจกรรมร่วมกับเว็บไซต์ได้ แต่ต้องล็อกอินก่อน ::
  ล็อกอิน

รายการสื่อสารสนเทศ

ลำดับที่ ประเภท เลขเรียก/บาร์โค้ด สถานที่ สถานะ
1. การศึกษาทั่วไป
การศึกษาทั่วไป
PN4129 ก344อ ฉ.1 
  Barcode: 19769
ห้องสมุดวิทยาเขตสวรรค์ประชารักษ์
►หนังสือทั่วไป
บนชั้น

รายการใกล้เคียง
    ผู้แต่ง [ก้อง เกียรติวิชญ์]

BibComment


ยังไม่เคยถูกคอมเมนท์

คอมเมนท์ทรัพยากรรายการนี้
  คอมเมนท์: อยากเป็นสุดยอดคน..


 Copyright 2026. Bcnsprnw @Library